00941nam a2200277 a 450000100100000000500170001000800410002702000150006804000250008308200240010810000350013224500630016725000240023026000590025430000260031349000210033950000750036050000420043550400420047765000280051965000310054765000310057883000280060904900090063799900170064600002287020200930021840.0101119s1989 sp r 000 f spa d a8432204684 aDO-SdBNPbspacBNPHU a863.62bR541n, 19891 aRico, Francisco,d1942-94700010aLa novela picaresca y el punto de vista /cFrancisco Rico. a4a ed. corr. y aum. aBarcelona, (España) :bEditorial Seix Barral,c1989. a145, [6] p. ;c20 cm.1 aBiblioteca breve aIncluye datos biográficos del autor en la solapas y contracubiertas. aIncluye notas al pie de las páginas aIncluye referencias bibliográficas. 4aNovela española91123 4aLiteratura española9632 4aLiteratura picaresca91124 0aBiblioteca breve913442 aBNGR c22367d22367